| 000 | 01387nam a22003375i 4500 | ||
|---|---|---|---|
| 001 | 165070 | ||
| 003 | ES-MaACL | ||
| 005 | 20250824052201.0 | ||
| 008 | 050809s1876 fr | |||||||| ||fre d | ||
| 040 |
_aCAM _bspa _cCAM |
||
| 100 | 1 |
_aScribe, Eugène. _9104966 |
|
| 245 | 1 | 4 |
_aUne visite a Bedlam _b: ; Les vélocipédes ; La volière de Frère Philippe ; Le nouveau Nicaise ; L'Hotel des quatre nations ; Le fou de Péronne ; Les deux maris ; Le mystificateur ; Caroline / _cEugène Scribe. |
| 260 |
_aParis : _bE. Dentu, libraire-éditeur, _c1876 ( _fImpr. Paul Dupont) |
||
| 300 |
_a357, [2] p. ; _c18 cm. |
||
| 490 | 1 |
_aOeuvres complétes de Eugène Scribe ; _v13. _aSecondième série: comédies, drames. 4 |
|
| 655 | 0 |
_aTeatro _9234794 |
|
| 700 | 1 |
_aDentu, E., _eed. _9230064 |
|
| 700 | 1 |
_aDupont, Paul, _eimp. _946109 |
|
| 740 | 4 | _aLes vélocipédes. | |
| 740 | 3 | _aLa volière de Frère Philippe. | |
| 740 | 0 | _aLe nouveau Nicaise. | |
| 740 | 2 | _aL'Hotel des quatre nations. | |
| 740 | 3 | _aLe fou de Péronne. | |
| 740 | 4 | _aLes deux maris. | |
| 740 | 3 | _aLe mystificateur. | |
| 740 | 0 | _aCaroline. | |
| 752 |
_aFrancia - _dParís |
||
| 830 | 0 |
_aOeuvres complétes de Eugène Scribe ; _v13. _aSecondième série: comédies, drames. 4 _9222432 |
|
| 852 |
_aES-MaACL _jC-18551 _z-- Enc. hol., conservando la cub. original |
||
| 999 |
_c165070 _d165070 |
||